TENWEK HOSP HOME | SOC  | ASK A LIBRARIANSTAFF LOGIN  |  DIGITAL REPOSITORYe-BOOK PORTAL  |  OFF-CAMPUS PORTAL  |  DONATE

Merritt's textbook of neurology / (Record no. 2680)

MARC details
000 -LEADER
fixed length control field 01133cam a2200325 a 4500
001 - CONTROL NUMBER
control field 3961011
003 - CONTROL NUMBER IDENTIFIER
control field Ke-BoTe
005 - DATE AND TIME OF LATEST TRANSACTION
control field 20220516100427.0
008 - FIXED-LENGTH DATA ELEMENTS--GENERAL INFORMATION
fixed length control field 940622s1995 mdua b 001 0 eng c
010 ## - LIBRARY OF CONGRESS CONTROL NUMBER
LC control number 94028510
020 ## - INTERNATIONAL STANDARD BOOK NUMBER
International Standard Book Number 0683074008
040 ## - CATALOGING SOURCE
Original cataloging agency DNLM/DLC
Transcribing agency DLC
Modifying agency DLC
050 00 - LIBRARY OF CONGRESS CALL NUMBER
Classification number RC346
Item number .M4 1995
060 10 - NATIONAL LIBRARY OF MEDICINE CALL NUMBER
Classification number WL 100 M5722 1995
082 00 - DEWEY DECIMAL CLASSIFICATION NUMBER
Classification number 616.8
Edition number 20
245 00 - TITLE STATEMENT
Title Merritt's textbook of neurology /
246 3# - VARYING FORM OF TITLE
Title proper/short title Textbook of neurology
250 ## - EDITION STATEMENT
Edition statement 9th ed. /
Remainder of edition statement edited by Lewis P. Rowland.
260 ## - PUBLICATION, DISTRIBUTION, ETC.
Place of publication, distribution, etc. Baltimore :
Name of publisher, distributor, etc. Williams & Wilkins ;
Date of publication, distribution, etc. c1995.
300 ## - PHYSICAL DESCRIPTION
Extent xxv, 1058 p . :
Other physical details ill. ;
Dimensions 26 cm .
504 ## - BIBLIOGRAPHY, ETC. NOTE
Bibliography, etc. note Includes bibliographical references and index.
650 #0 - SUBJECT ADDED ENTRY--TOPICAL TERM
Topical term or geographic name entry element Nervous system
General subdivision Diseases.
9 (RLIN) 5474
650 #0 - SUBJECT ADDED ENTRY--TOPICAL TERM
Topical term or geographic name entry element Neurology.
9 (RLIN) 5475
650 #2 - SUBJECT ADDED ENTRY--TOPICAL TERM
Topical term or geographic name entry element Nervous System Diseases.
9 (RLIN) 5476
700 1# - ADDED ENTRY--PERSONAL NAME
Personal name Merritt, H. Houston
Fuller form of name (Hiram Houston),
Dates associated with a name 1902-1979.
Title of a work Textbook of neurology.
9 (RLIN) 5477
700 1# - ADDED ENTRY--PERSONAL NAME
Personal name Rowland, Lewis P.
9 (RLIN) 5478
906 ## - LOCAL DATA ELEMENT F, LDF (RLIN)
a 7
b cbc
c orignew
d 1
e ocip
f 19
g y-gencatlg
942 ## - ADDED ENTRY ELEMENTS (KOHA)
Source of classification or shelving scheme Library of Congress Classification
Koha item type Books
Suppress in OPAC No
Holdings
Withdrawn status Lost status Source of classification or shelving scheme Damaged status Not for loan Collection code Home library Current library Shelving location Date acquired Full call number Barcode Date last seen Price effective from Koha item type
    Library of Congress Classification     Non-fiction SCHOOL OF HEALTH SCIENCES SCHOOL OF HEALTH SCIENCES General Stacks 16.05.2022 RC346.M4 1995 00001234 16.05.2022 16.05.2022 Books